000 00432 a2200181 4500
001 132767
020 _a85-08-04531-X
040 _cLeonardo Da Vinci
041 _aPortuguês
082 _aJ S121r
_bS121r
100 _aSABINO, Fernando
245 _aOs restos mortais
260 _bÁtica
_c1994
_aSão Paulo
300 _a36
362 _a19940000
697 _aLiteratura infanto-juvenil
_aLiteratura juvenil
942 _cBK
999 _c132767
_d132767